00554nam a2200145Ia 4500003000400000005001700004008004100021040002900062050002700091100002600118245017500144260004100319300001400360650003400374OSt20230525104227.0230222s9999||||xx |||||||||||||| ||und|| cChuka University Library aTHE LC 501 b.M84 2015 aMugambi, Jane Kathure 0aChristians perception on the effectiveness of church based initiation programmes in empowerment of boy child: a case study of the Methodist Church in Kenya, Kaaga synod. aChuka, KenyabChuka Universityc2015 a73 leaves a1. Christianity and education